Регионална библиотека "Любен Каравелов" - Русе

История на музиката (Запис номер 100551)

MARC детайли
000 -Лидер
Контролно поле с фиксирана дължина 01717nam a2200373 c 4500
003 - Код на организацията, давaща контролен номер
Контролно поле BLK
005 - Дата и час на последна редакция
Контролно поле 20230801122139.0
008 - Елементи от данни с фиксирана дължина
fixed length control field 180409b bul|||||r ||||||| ||bul||
010 ## - Наследен системен номер
LC control number KNG00105575000
040 ## - Източник на каталожния запис
Идентификатор на билиотеката - собственик на записа BLK
041 ## - Код за език
Код за езика на текст/звукозапис или на отделно заглавие Български
Код за езика КДБФ Български
080 ## - УДК
Текстов определител УДК История на музиката
УДК код - определител по УДК 78.03
УДК определител (075.8)
УДК - код + определител 78.03(075.8)
139 ## - Редно поле
Редна дума История на музиката
Авторски знак Истор - И 95
245 10 - Сведения за заглавието
Заглавие История на музиката
Подзаглавни данни Учебник за студентите от Бълг. държ. консерватория : Ч. 1 -
Редно поле (дума) авт. на том Константин Константинович Розеншилд; прев. от рус. на том Иван Хлебаров.
Том Ч. 1
Заглавие на том До средата на ХVІІІ век
257 ## - Страна на издаване
Страна на създаване/издаване Русия
260 ## - Област на издателските данни
Място на издаване, разпространение и проч. София
Име на издателя, разпространителя и проч. Наука и изкуство
Година на издаване 1972 -
Печатница Плевен : Ал. Пъшев
300 ## - Физическа характеристика
Страници 516 с.
Илюстрации и др. с ноти
Размери/Мащаб 22 см
380 ## - Жанр
Жанр Изкуство
500 ## - Общи забележки
Забележка Ориг. загл. История зарубежной музыки.
650 #4 - Допълнително описание по предмет – тема
Основно описание – тема или топоним Музика - история
9 (RLIN) 249453
653 ## - Ключова дума – ненормативна
Ключова дума музика
653 ## - Ключова дума – ненормативна
Ключова дума история
653 ## - Ключова дума – ненормативна
Ключова дума учебници за ВУЗ
700 1# - Други автори (авторска отговорност)
Лично име Розеншилд, Константин Константинович
Автороска отговорност (Описва отношението между автора и произведението) авт. на том
9 (RLIN) 308488
700 ## - Други автори (авторска отговорност)
Лично име Хлебаров, Иван Атанасов
Дати, свързани с автора 1934-2015
9 (RLIN) 375378
760 1# - Описание на основната серия
Място на издаване, издател и година 1973
Страници - том 516 с. : с ноти
Заглавие Ч. 1 До средата на ХVІІІ век
852 ## - Местоположение
Форматна сигнатура Цб 65697
856 4# - Електронен адрес и достъп
Електронен формат pdf - файл
Инструкция (цена за достъп) 0.00
Права за достъп disable
856 4# - Електронен адрес и достъп
Електронен формат pdf - файл
Инструкция (цена за достъп) 0.00
Права за достъп disable
999 ## - СИСТЕМНИ КОНТРОЛНИ НОМЕРА
Koha biblionumber 100551
Koha biblioitemnumber 100551
942 ## - АРТИКУЛИ
Вид на библиотечния материал Книги
Скрит в OPAC Не
Koha issues (borrowed), all copies 1
Периодичен библиозапис Да
944 ## - СЪЗДАВАНЕ И РЕДАКЦИЯ на ЗАПИСА
Създаване/Редакция Създаване
Дата на регистрацията/редакция 01.01.1999
Служител, извършил регистрацията/редакцията 30556
Статус, дата на статуса Теодора Пейчева-Дянкова
944 ## - СЪЗДАВАНЕ И РЕДАКЦИЯ на ЗАПИСА
Създаване/Редакция Редакция
Дата на регистрацията/редакция 27.02.2014
999 ## - СИСТЕМНИ КОНТРОЛНИ НОМЕРА
Koha biblioitemnumber 100551
Наличности
Код за отписване Код за изгубен артикул Източник на класификационната схема Код за повреда Коз за рестрикции Код за отдаване Артикулен № Име на библиотеката - собственик Име на библиотеката, в която се намира в момента Статус (Текущо местоположение) Дата на вписване в системата Местоположение - отдел Цена в лева Инвентарен номер Систематично азбучна сигнатура Баркод Номер на екземпляра Цена в евро Служебна бележка Служебен тип на артикула
  Не е изгубен Universal Decimal Classification Не е повреден без рестрикции заемане за дома 161888 Регионална библиотека "Любен Каравелов" Русе Регионална библиотека "Любен Каравелов" Русе Отдел Изкуство - подръчен фонд 2003-04-04 Отдел Изкуство - подръчен фонд 10.50 120000675516 78.03/И 95 120000675516 1 5.37 Дост: DA Вид: А N: 10 Дата: 04.04.2003 Дата инв: 03.04.2017 Бележки инв: ИП2017 Книги
Изтеглен Не е изгубен Universal Decimal Classification Не е повреден без рестрикции заемане за дома 161889 Регионална библиотека "Любен Каравелов" Русе Регионална библиотека "Любен Каравелов" Русе Отдел Изкуство - подръчен фонд 2003-04-04 Отдел Изкуство - подръчен фонд 10.50 120000675517 78.03/И 95 120000675517 2 5.37 Дост: DA Вид: А N: 10 Дата: 04.04.2003 Дата инв: 03.04.2017 Бележки инв: ИП2017 Книги
  Не е изгубен Universal Decimal Classification Не е повреден само за читалня ползва се в читалня 161890 Регионална библиотека "Любен Каравелов" Русе Регионална библиотека "Любен Каравелов" Русе Хранилище 1973-01-01 Хранилище 1.56 145446 Цб 65697 120000145446 3 0.80 Дост: Dp Вид: Д N: стар фонд Дата: 01.01.1973 Книги
  Не е изгубен Universal Decimal Classification Не е повреден без рестрикции заемане за дома 161891 Регионална библиотека "Любен Каравелов" Русе Регионална библиотека "Любен Каравелов" Русе Отдел Изкуство - подръчен фонд 2010-03-18 Отдел Изкуство - подръчен фонд 4.00 120000742765 78.03/И 95 120000742765 4 2.05 Дост: DA Вид: А N: 8 Дата: 18.03.2010 Дата инв: 03.04.2017 Бележки инв: ИП2017 Книги
Vip Innovations Ltd, Rousse, Bulgaria 2025